000 01016nam a22002297a 4500
999 _c1822
_d1822
003 AR-CdUCM
008 190228b ||||| |||| 00| 0 spa d
020 _a9688423181
040 _aMUNICIPALIDAD PROVINCIAL DEL CUSCO
_cBIBLIOTECA MUNICIPAL DEL CUSCO
082 _a320.973 /
_bAG32
100 _aAguilar Villanueva, Luis F.
_96683
245 _aEl estudio de las políticas publicas /
_cLuis F. Aguilar Villanueva
260 _aMéxico, D.F. :
_bMiguel Angel Porrua,
_c1992.
300 _a281 paginas ;
_c23 cm.
505 _aLa orientación hacia las políticas -- La concepción emergente de las ciencias de políticas -- Prolegomenos para le ciencia de políticas -- De la ciencia de políticas al análisis de políticas: veinticinco años de progreso -- La evolución de las ciencias de políticas ...
650 _aPolíticas publicas
_96684
650 _aCiencia de políticas
_96685
650 _aDemocratización
_96686
650 _aProgreso
_96687
942 _2ddc
_cLIBROS
945 _aacv
_d2019-02-28